000
00332 a2200133 4500
000
nam a22 7a 4500
100
_a
Kotler-i
110
_a
Kotler-i
245
_a
Essentials of Modern Marketing
250
_a
Latest edition
260
_b
vikas Publishing House
_c
2025
264
_b
vikas Publishing House
_c
2025
942
_c
BK
999
_c
396958
_d
396958